004510000a22001210004500008004100000020001500041082001600056100001800072245012000090260005900210300001500269650004500284230817t ||||| |||| 00| 0 eng d a9555991979 a361.74bCHA aChase, Robert aThe Butterfly Garden Batticaloa, Sri Lanka:bfinal report of a program development and research project (1998-2000) a[Ratmalana],b[Sarvodaya Vishva Lekha], c2000 a85 p.;ill. aNON GOVERNMENTAL ORGANIZATIONS-Sri Lanka